| 000 | 01158nam a22002777a 4500 | ||
|---|---|---|---|
| 999 |
_c119320 _d119320 |
||
| 003 | dpl | ||
| 005 | 20190226133225.0 | ||
| 008 | 190226b ||||| |||| 00| 0 eng d | ||
| 010 | _aB-155419 | ||
| 020 | _c250.00 | ||
| 035 | _aB-155419, B-043306, B-043309 | ||
| 037 | _bCen Lib/Ret | ||
| 040 |
_aDPL _bHN _c0 |
||
| 082 |
_a780.954 _bचक्रव |
||
| 100 |
_aचक्रवती, कविता _984348 |
||
| 245 |
_aभारतीय संगीत को महान सगीतज्ञों की देन / _cकविता चक्रवर्ती |
||
| 246 |
_aBhartiya sangeetogyon ko mahan sageetgyon kiden / _bby Kavita Chakrvati |
||
| 260 |
_aजोधपुर _bराजस्थानी ग्रंथागार _c2004 |
||
| 270 |
_bजोधपुर _aसोजती गेट |
||
| 300 |
_a150पृ. _c20सेमी(सजिल्द ) |
||
| 650 |
_aसंगीत--भारत _x _z _984349 |
||
| 650 |
_aमहान संगीतकार _984350 |
||
| 650 |
_aMusic - India _983833 |
||
| 650 |
_aGreat Composers _984351 |
||
| 942 |
_2ddc _cHN _h780.954 _mचक्रव |
||